000 00666nam a2200229Ia 4500
003 GCL
008 140319s9999 xx 000 0 ara d
040 _aGCL /
_cGCL
082 0 4 _a181.392
_bع م
100 1 _aعبدالمنعم الحفنى
245 1 0 _aموسوعة فلاسفة ومتصوفة اليهودية /
_cعبدالمنعم الحفنى
260 _a[S.N] :
_bمكتبة مدبولى ،
_c1994
300 _a264 ص
490 _a
650 0 4 _aالفلسفة
650 0 4 _aالتصوف
650 0 4 _aاليهودية
650 0 4 _aالفلاسفة
650 0 4 _aاليهود
650 0 4 _aالفلاسفة اليهود
942 _2ddc
_cBK
999 _c30531
_d30531